<The> business of tourism
Gespeichert in:
| 1. Verfasser: | |
|---|---|
| Format: | Buch |
| Sprache: | Englisch |
| Veröffentlicht: |
Harlow
Financial Times/Prentice Hall
2006
|
| Ausgabe: | 7th ed. |
| Schlagworte: | |
| Tags: |
Keine Tags, Fügen Sie das erste Tag hinzu!
|
MARC
| LEADER | 00000nam$a2200000$$$4500 | ||
|---|---|---|---|
| 001 | 0113579 | ||
| 005 | 20240313131601.1 | ||
| 020 | |a 0-273-70161-4 | ||
| 020 | |a 978-0-273-70161-3 | ||
| 041 | 0 | |a eng | |
| 044 | |a GB | ||
| 245 | 1 | 0 | |a <The> business of tourism |c J. Christopher Holloway with Neil Taylor |
| 250 | |a 7th ed. | ||
| 264 | 1 | |a Harlow |b Financial Times/Prentice Hall |c 2006 | |
| 300 | |a 716 s. | ||
| 610 | 2 | 0 | |a turistika |
| 610 | 2 | 0 | |a podnikanie |
| 610 | 2 | 0 | |a ruch cestovný |
| 610 | 2 | 0 | |a služby obyvateľstvu |
| 610 | 2 | 0 | |a ubytovanie |
| 610 | 2 | 0 | |a obchod |
| 100 | 1 | |a Holloway, J. Christopher | |